000 00713nam a2200253Ia 4500
003 OSt
005 20220918203124.0
006 a|||||r|||| 00| 0
007 ta
008 220917b |||||||| |||| 00| 0 eng d
024 _a106,189
037 _cTextual
040 _aARTS
_cARTS
_beng
041 _2eng
_aeng
082 _aV3:1:K9, K11;L8-;1
100 _aAshley Maurice
_9105915
245 0 _aEngland in the seventeenth century
260 _aLondon
_bHutchinson U. K.
_c1978
300 _a275p. illus
_ccm.
500 _aBibliography p261-268
650 _aGREAT BRITAIN - HISTORY
_91540
942 _hV3:1:K9, K11;L8-;1
_cTEXL
_2CC
999 _c229547
_d229547